PHILLIPS SCIENCE OF DENTAL MATERIALS (Record no. 9829)

MARC details
000 -LEADER
fixed length control field 00359nam a22001457a 4500
020 ## - INTERNATIONAL STANDARD BOOK NUMBER
International Standard Book Number 978-81-312-3699-4
082 ## - DEWEY DECIMAL CLASSIFICATION NUMBER
Classification number 617.672,P15A
100 ## - MAIN ENTRY--PERSONAL NAME
Personal name ANUSAVICE,KENNETH.J.
245 ## - TITLE STATEMENT
Title PHILLIPS SCIENCE OF DENTAL MATERIALS
250 ## - EDITION STATEMENT
Edition statement 1ST SOUTH ASIAN
260 ## - PUBLICATION, DISTRIBUTION, ETC. (IMPRINT)
Place of publication, distribution, etc NEW DELHI
Name of publisher, distributor, etc ELSEVIER
Year of Publication 2015
300 ## - PAGE DESCRIPTION
No. of Pages 617
650 ## - SUBJECT ADDED ENTRY--TOPICAL TERM
Topical term or geographic name as entry element PROSTHODONTICS
942 ## - ADDED ENTRY ELEMENTS (KOHA)
Source of classification or shelving scheme Dewey Decimal Classification
Koha item type Books
942 ## - ADDED ENTRY ELEMENTS (KOHA)
-- 81
Holdings
Withdrawn status Lost status Source of classification or shelving scheme Damaged status Not for loan Home library Current library Shelving location Date acquired Vendor Name Cost, normal purchase price SGTU Bill Number Total Checkouts Full call number Accession No. (Barcode) Date last seen Bill Date Koha item type Date last borrowed Total Renewals
    Dewey Decimal Classification     SGT Dental Library SGT Dental Library Text Book 29/08/2016 ABC 1295.00 SGTU 6923   617.672,P15A FD7387 17/03/2022   Books    
    Dewey Decimal Classification     SGT Dental Library SGT Dental Library Text Book 29/08/2016 ABC 1295.00 SGTU 6923 21 617.672,P15A FD7388 13/01/2026   Books 13/01/2026  
    Dewey Decimal Classification     SGT Dental Library SGT Dental Library Text Book 29/08/2016 ABC 1295.00 SGTU 6923 49 617.672,P15A FD7389 12/12/2025   Books 12/12/2025  
    Dewey Decimal Classification     SGT Dental Library SGT Dental Library Text Book 29/08/2016 ABC 1295.00 SGTU 6923 45 617.672,P15A FD7390 07/05/2026   Books 06/05/2026 1
    Dewey Decimal Classification     SGT Dental Library SGT Dental Library Text Book 29/08/2016 ABC 1295.00 SGTU 6923 33 617.672,P15A FD7391 12/12/2025   Books 12/12/2025